[Event "Superettan(Schack 08-Orebro)"]
[Site "?"]
[Date "2008.12.06"]
[Round "3"]
[White "Ottenklev, Niclas"]
[Black "Jonsson, Krister"]
[Result "1-0"]
[WhiteElo "2157"]
[BlackElo "2102"]
[PlyCount "67"]

1. e4 c5 2. Nf3 e6 3. Qe2 Nc6 4. c3 d5 5. d3 Nf6 6. g3 Be7 7. Bg2 O-O 8. O-O
Qc7 9. e5 Nd7 10. Bf4 b5 11. Re1 a5 12. Nbd2 Bb7 13. h4 a4 14. h5 h6 15. Nf1 b4
16. c4 dxc4 17. dxc4 Nd4 18. Qd3 Bxf3 19. Bxf3 Nxf3+ 20. Qxf3 Nb6 21. Ne3 Rad8
22. Ng4 Rd4 23. b3 Qd8 24. Re4 Qa8 25. Rae1 axb3 26. axb3 Rfd8 27. Nxh6+ gxh6
28. Bxh6 Rxe4 29. Rxe4 f5 30. exf6 Qa1+ 31. Kg2 Bxf6 32. Rxe6 Nd7 33. Qg4+ Kh8
34. Rd6 1-0

[Event "Superettan(Schack 08-Orebro)"]
[Site "?"]
[Date "2008.12.06"]
[Round "3"]
[White "Larsson, Patrik"]
[Black "Fredriksson, Leif"]
[Result "1-0"]
[WhiteElo "2081"]
[BlackElo "2114"]
[PlyCount "101"]

1. e4 c5 2. Nc3 Nc6 3. f4 g6 4. Nf3 Bg7 5. Bb5 Nd4 6. O-O a6 7. Bc4 b5 8. Bd5
Rb8 9. d3 e6 10. Bb3 d6 11. Nxd4 Bxd4+ 12. Kh1 Ne7 13. f5 exf5 14. Bh6 Be6 15.
Qd2 Be5 16. Rae1 a5 17. exf5 gxf5 18. Ne2 a4 19. Bxe6 fxe6 20. c3 Bf6 21. Nf4
e5 22. Nh5 Kf7 23. Nxf6 Kxf6 24. Qg5+ Ke6 25. Bg7 Rg8 26. d4 Rxg7 27. Qxg7 Qg8
28. Qh6+ Qg6 29. Qh3 Rg8 30. dxe5 dxe5 31. Re2 Qg4 32. Qe3 e4 33. Rd2 Qg5 34.
Qxg5 Rxg5 35. Rfd1 e3 36. Rd6+ Ke5 37. Rd7 Rg7 38. Kg1 f4 39. Kf1 Ke4 40. R1d6
Ke5 41. Rb6 Nd5 42. Rxg7 Nxb6 43. Rxh7 Nc4 44. Rb7 Nxb2 45. Ke2 b4 46. cxb4 c4
47. Rc7 Kd4 48. b5 c3 49. b6 Nc4 50. Rxc4+ Kxc4 51. b7 1-0

[Event "Superettan(Schack 08-Orebro)"]
[Site "?"]
[Date "2008.12.06"]
[Round "3"]
[White "Dahlqvist, Ulf"]
[Black "Blomstrom, Lars"]
[Result "0-1"]
[WhiteElo "1929"]
[BlackElo "2072"]
[PlyCount "62"]

1. d4 Nf6 2. Nf3 g6 3. c4 Bg7 4. Nc3 O-O 5. e4 d6 6. Be2 Nbd7 7. O-O e5 8. Re1
c6 9. Bf1 Re8 10. Rb1 a5 11. d5 c5 12. a3 Rf8 13. Bg5 h6 14. Bh4 Nb8 15. Nd2 g5
16. Bg3 Na6 17. Be2 Bd7 18. Nf1 Qe7 19. h3 Rab8 20. Bg4 Nxe4 21. Nxe4 f5 22.
Bf3 fxe4 23. Bxe4 Nc7 24. a4 Ne8 25. Ne3 Nf6 26. Nf5 Bxf5 27. Bxf5 Kh8 28. Bg6
Rg8 29. f4 gxf4 30. Bxf4 Bf8 31. Bh5 Qg7 0-1

[Event "Superettan(Schack 08-Orebro)"]
[Site "?"]
[Date "2008.12.06"]
[Round "3"]
[White "Sjogren, Stig"]
[Black "Eriksson, Matts"]
[Result "0-1"]
[WhiteElo "1851"]
[BlackElo "2030"]
[PlyCount "88"]

1. d4 Nf6 2. Nf3 e6 3. c4 b6 4. g3 Ba6 5. Qc2 Bb7 6. Bg2 c5 7. e3 cxd4 8. exd4
Bb4+ 9. Nc3 Qc8 10. O-O Qxc4 11. Ne5 Qc8 12. Bxb7 Qxb7 13. Nb5 Nc6 14. a3 Be7
15. Nc4 O-O 16. Bf4 d5 17. Ncd6 Qd7 18. Rac1 Nxd4 19. Qd3 Nxb5 20. Nxb5 Rac8
21. Be5 Ne4 22. Nc3 Nc5 23. Qd1 Rfd8 24. b4 Nb7 25. Qh5 f6 26. Bf4 e5 27. Bd2
d4 28. Ne4 Nd6 29. f3 Qe6 30. Rce1 Rc2 31. Rc1 g6 32. Qh6 Nf5 33. Qh3 d3 34.
Rcd1 Nd4 35. Qh6 Nf5 36. Qh3 Qc4 37. g4 Qd4+ 38. Kh1 Ne3 39. g5 f5 40. Nf6+
Bxf6 41. gxf6 Rd7 42. Bxe3 Qxe3 43. Qh4 Qe2 44. Rc1 Qg2# 0-1

[Event "Superettan(Schack 08-Orebro)"]
[Site "?"]
[Date "2008.12.06"]
[Round "3"]
[White "Larsson, Roger"]
[Black "Lennefors, Mikael"]
[Result "1/2-1/2"]
[WhiteElo "1793"]
[BlackElo "1591"]
[PlyCount "101"]

1. d4 Nf6 2. Nf3 g6 3. c3 Bg7 4. Bf4 d6 5. e3 Bf5 6. h3 c6 7. Qb3 b6 8. Bc4 O-O
9. Nbd2 b5 10. Be2 Nbd7 11. a4 a6 12. O-O Qc7 13. c4 bxa4 14. Rxa4 Rfb8 15. Qa3
a5 16. c5 Bf8 17. Nc4 Ne8 18. Rc1 Qb7 19. Rxa5 Rxa5 20. Qxa5 Ra8 21. Qc3 dxc5
22. dxc5 Nxc5 23. Nce5 Na4 24. Qxc6 Qxc6 25. Nxc6 Nxb2 26. Ncd4 Nd3 27. Bxd3
Bxd3 28. Ne5 Be4 29. Nd7 Bg7 30. Nc6 e6 31. f3 Bxc6 32. Rxc6 Nf6 33. Nb6 Rd8
34. Rd6 Rxd6 35. Bxd6 Ne8 36. Bc5 Bf8 37. Nd7 Bxc5 38. Nxc5 Kg7 39. f4 Nf6 40.
Kf2 Nd5 41. Kf3 Nf6 42. g4 Nd5 43. Ne4 Nf6 44. Nxf6 Kxf6 45. g5+ Ke7 46. Ke4
Kd6 47. Kd4 Kd7 48. Ke5 Ke7 49. e4 Kf8 50. Kf6 Kg8 51. h4 1/2-1/2

[Event "Superettan(Schack 08-Eksjo)"]
[Site "?"]
[Date "2009.01.17"]
[Round "4"]
[White "Vernersson, Per"]
[Black "Renman, Nils-Gustaf"]
[Result "1-0"]
[WhiteElo "2471"]
[BlackElo "2431"]
[PlyCount "67"]
[SourceDate "2009.01.22"]

1. Nf3 d5 2. c4 d4 3. d3 c5 4. b4 cxb4 5. a3 bxa3 6. Bxa3 Nc6 7. g3 e5 8. Bxf8
Kxf8 9. Bg2 g6 10. O-O Bf5 11. Nbd2 Rc8 12. Qa4 Rc7 13. Rfb1 h6 14. Rb5 Qe7 15.
Qa3 a6 16. Rb6 Qxa3 17. Rxa3 Nge7 18. Rab3 Ke8 19. Rxb7 Rxb7 20. Rxb7 Bc8 21.
Rb1 Kd8 22. Ne4 Kc7 23. Nc5 f5 24. Nd2 Rd8 25. Ra1 Nb8 26. f4 exf4 27. gxf4 Kb6
28. Rb1+ Kc7 29. Bb7 Rd6 30. Bxc8 Kxc8 31. Nf3 Nd7 32. Nxd7 Kxd7 33. Rb7+ Ke8
34. Kf2 1-0

[Event "Superettan(Schack 08-Eksjo)"]
[Site "?"]
[Date "2009.01.17"]
[Round "4"]
[White "Ottenklev, Niclas"]
[Black "Ornstein, Axel"]
[Result "0-1"]
[WhiteElo "2176"]
[BlackElo "2448"]
[PlyCount "62"]

1. e4 c5 2. Nf3 d6 3. d4 Nf6 4. Nc3 cxd4 5. Qxd4 a6 6. Bg5 Nc6 7. Qd2 e6 8.
O-O-O Qc7 9. Kb1 Bd7 10. Bd3 Be7 11. h3 b5 12. Rhe1 b4 13. Ne2 O-O 14. e5 dxe5
15. Bxf6 Bxf6 16. Bxh7+ Kxh7 17. Qxd7 Qb6 18. Qd3+ Kg8 19. Qe4 Rfd8 20. g4 g6
21. g5 Bg7 22. Nc1 a5 23. h4 a4 24. h5 gxh5 25. g6 f5 26. Qc4 Na5 27. Qh4 e4
28. Ng5 b3 29. cxb3 axb3 30. a3 Nc4 31. Nf7 Nd2+ 0-1

[Event "Superettan(Schack 08-Eksjo)"]
[Site "?"]
[Date "2009.01.17"]
[Round "4"]
[White "de Verdier, Michael"]
[Black "Schutz, Ingemar"]
[Result "1-0"]
[WhiteElo "2300"]
[BlackElo "2218"]
[PlyCount "55"]

1. Nf3 Nf6 2. c4 g6 3. d4 Bg7 4. Nc3 O-O 5. e4 d6 6. Be2 e5 7. O-O exd4 8. Nxd4
Re8 9. f3 c6 10. Kh1 Nbd7 11. Be3 d5 12. cxd5 Nxd5 13. Nxd5 cxd5 14. Nb5 dxe4
15. Nd6 Re7 16. fxe4 Qa5 17. Rc1 Qd8 18. Nxf7 Rxf7 19. Bc4 Kh8 20. Rxf7 Qe8 21.
Bd4 Ne5 22. Bxe5 Bxe5 23. Qd5 Bg7 24. Rcf1 Bg4 25. Rxg7 Kxg7 26. Rf7+ Kh6 27.
Qd2+ g5 28. Qd6+ 1-0

[Event "Superettan(Schack 08-Eksjo)"]
[Site "?"]
[Date "2009.01.17"]
[Round "4"]
[White "Arvidsson, Tomas"]
[Black "Krantz, Christopher"]
[Result "1/2-1/2"]
[WhiteElo "2122"]
[BlackElo "2271"]
[PlyCount "74"]

1. e4 e6 2. d4 d5 3. e5 c5 4. c3 Qb6 5. a3 Bd7 6. b4 cxd4 7. cxd4 Bb5 8. Bxb5+
Qxb5 9. Nc3 Qd7 10. b5 Ne7 11. a4 Nf5 12. Nge2 Be7 13. O-O O-O 14. Qd3 Qd8 15.
Ng3 Nxg3 16. Qxg3 Kh8 17. Ne2 Nd7 18. Nf4 Rc8 19. Ba3 Rc4 20. Nh5 g6 21. Nf6
Nxf6 22. exf6 Bxa3 23. Qxa3 Re8 24. Rac1 Rxc1 25. Rxc1 Qxf6 26. Rc7 Qxd4 27. h3
Kg7 28. Rxb7 e5 29. Qd6 Rc8 30. Rxf7+ Kxf7 31. Qd7+ Kf6 32. Qxc8 Qa1+ 33. Kh2
Qxa4 34. Qc6+ Kf5 35. Qxd5 Qf4+ 36. Kg1 Qc1+ 37. Kh2 Qf4+ 1/2-1/2

[Event "Superettan(Schack 08-Eksjo)"]
[Site "?"]
[Date "2009.01.17"]
[Round "4"]
[White "Thornert, Hakan"]
[Black "Eriksson, Matts"]
[Result "1/2-1/2"]
[WhiteElo "2039"]
[BlackElo "2206"]
[PlyCount "53"]

1. e4 c6 2. d4 d5 3. f3 e6 4. Be3 Qb6 5. Nd2 Nf6 6. Bd3 c5 7. dxc5 Bxc5 8. Bxc5
Qxc5 9. e5 Nh5 10. Nh3 Nc6 11. Qe2 g6 12. g4 Ng7 13. Nb3 Qe7 14. f4 Bd7 15.
O-O-O Nb4 16. Kb1 Nxd3 17. Qxd3 h5 18. g5 Rc8 19. Nd4 Qc5 20. Ng1 b5 21. Ngf3
O-O 22. Nh4 Kh7 23. Rhe1 a5 24. Re3 b4 25. Rh3 Qc4 26. Ng2 Kg8 27. Ne3 1/2-1/2

[Event "Superettan(Schack 08-Eksjo)"]
[Site "?"]
[Date "2009.01.17"]
[Round "4"]
[White "Dahlqvist, Ulf"]
[Black "Andersson, Johan"]
[Result "1-0"]
[WhiteElo "1934"]
[BlackElo "2127"]
[PlyCount "53"]

1. d4 d6 2. Nf3 f5 3. g3 Nf6 4. Bg2 g6 5. O-O Bg7 6. c4 O-O 7. Nc3 Qe8 8. d5
Na6 9. Rb1 Bd7 10. b4 c6 11. Ba3 Rc8 12. Nd4 Qf7 13. Qd3 Ng4 14. f4 Qf6 15.
Rfd1 c5 16. bxc5 Nxc5 17. Qd2 Na4 18. Nxa4 Bxa4 19. Ne6 Qf7 20. Nxf8 Bxd1 21.
Ne6 Ba4 22. Rxb7 Rxc4 23. Rb8+ Be8 24. Qd3 Rc3 25. Qb5 a6 26. Rxe8+ Bf8 27. Qb8
1-0

[Event "Superettan(Schack 08-Eksjo)"]
[Site "?"]
[Date "2009.01.17"]
[Round "4"]
[White "Gustafsson, Fredrik"]
[Black "Zetterberg, Per"]
[Result "1-0"]
[WhiteElo "2129"]
[BlackElo "1986"]
[PlyCount "56"]

1. e4 Nf6 2. e5 Nd5 3. d4 d6 4. Nf3 Bg4 5. Be2 e6 6. O-O Be7 7. c4 Nb6 8. Nc3
O-O 9. h3 Bh5 10. Be3 f5 11. exf6 Bxf6 12. Qb3 Bf7 13. Rfd1 Nc6 14. Ne4 e5 15.
d5 Ne7 16. Nfg5 Nf5 17. Nxf7 Rxf7 18. Bg4 Bh4 19. c5 dxc5 20. Nxc5 Nc8 21. d6
Nxe3 22. fxe3 Bf2+ 23. Kh1 Nxd6 24. Be6 Qf6 25. Rxd6 cxd6 26. Ne4 Qh4 27. Nxd6
Kf8 28. Nxf7 Ke7 1-0

[Event "Superettan(Schack 08-Eksjo)"]
[Site "?"]
[Date "2009.01.17"]
[Round "4"]
[White "Lofgren, Tomas"]
[Black "Akvist, Hakan"]
[Result "0-1"]
[WhiteElo "2013"]
[BlackElo "2070"]
[PlyCount "80"]

1. d4 Nf6 2. Nf3 e6 3. c4 Bb4+ 4. Nc3 c5 5. e3 Ne4 6. Bd2 Bxc3 7. Bxc3 Nxc3 8.
bxc3 b6 9. Be2 O-O 10. O-O Nc6 11. d5 Na5 12. e4 Ba6 13. Nd2 Qf6 14. Rc1 e5 15.
Bd3 d6 16. Qh5 Qf4 17. Rc2 g6 18. Qe2 Rae8 19. g3 Qh6 20. f4 f5 21. fxe5 Rxe5
22. Kh1 f4 23. Nf3 Rh5 24. g4 Rh3 25. e5 dxe5 26. Qxe5 Bc8 27. g5 Qg7 28. Re2
Bg4 29. Qxg7+ Kxg7 30. Re7+ Kg8 31. Ne5 Re3 32. Nxg4 Rxe7 33. Nf6+ Rxf6 34.
gxf6 Re3 35. f7+ Kf8 36. Rd1 Kxf7 37. Bf1 Ke7 38. Kg1 Nb7 39. Kf2 Nd6 40. Re1
Ne4+ 0-1

[Event "Superettan(Vastervik-Rodeby)"]
[Site "?"]
[Date "2009.01.17"]
[Round "4"]
[White "Greiff, Hakan"]
[Black "Karlsson, Jorgen"]
[Result "1-0"]
[WhiteElo "2282"]
[BlackElo "2179"]
[PlyCount "95"]

1. e4 g6 2. d4 Bg7 3. Nc3 a6 4. Be3 d6 5. Qd2 Nd7 6. h4 b5 7. h5 Bb7 8. h6 Bf8
9. f3 Ngf6 10. g4 Nb6 11. g5 Nfd7 12. a4 b4 13. Nd1 a5 14. b3 e5 15. Nf2 Be7
16. dxe5 dxe5 17. Ng4 c5 18. Rd1 Qc7 19. c4 O-O 20. Bh3 Rad8 21. Qb2 f5 22.
gxf6 Nxf6 23. Rxd8 Qxd8 24. Nxe5 Qd6 25. Rh2 Nxe4 26. fxe4 Bf6 27. Rd2 Qe7 28.
Rf2 Bxe4 29. Rxf6 Qxf6 30. Bg5 Qd6 31. Ne2 Bf5 32. Bxf5 gxf5 33. Ng4 Qg6 34.
Nf6+ Kf7 35. Qd2 Rc8 36. Ng3 Rc6 37. Ngh5 Re6+ 38. Kf2 f4 39. Qxf4 Qc2+ 40. Kg3
Kg6 41. Nxh7 Nd7 42. N7f6 Qd3+ 43. Kh4 Ne5 44. h7 Nf3+ 45. Kg4 Nh2+ 46. Qxh2
Qf5+ 47. Kg3 Re3+ 48. Bxe3 1-0

[Event "Superettan(Vastervik-Rodeby)"]
[Site "?"]
[Date "2009.01.17"]
[Round "4"]
[White "Ask, Josef"]
[Black "Laksman, Efraim"]
[Result "0-1"]
[WhiteElo "2224"]
[BlackElo "2219"]
[PlyCount "150"]

1. e4 e5 2. Nf3 Nf6 3. Nxe5 d6 4. Nf3 Nxe4 5. d4 d5 6. Bd3 Bd6 7. c4 c6 8. Qc2
O-O 9. O-O Re8 10. Nc3 Na6 11. a3 Bg4 12. Bxe4 dxe4 13. Ng5 Bf5 14. f3 Be7 15.
Ngxe4 Qxd4+ 16. Qf2 Qxc4 17. Be3 b6 18. Rac1 c5 19. Rfd1 Qe6 20. Bf4 Rad8 21.
Qf1 Bxe4 22. fxe4 Rxd1 23. Rxd1 c4 24. b4 Bf6 25. Rd6 Qe7 26. Qxc4 Bxc3 27.
Qxc3 Qxe4 28. g3 h5 29. Rd1 h4 30. Qd3 Qxd3 31. Rxd3 hxg3 32. hxg3 Re7 33. Rd8+
Kh7 34. Ra8 Rd7 35. Kf2 f6 36. Ke2 g5 37. Be3 Rb7 38. Rd8 Nb8 39. Rd6 Kg6 40.
Bd4 Re7+ 41. Kd3 Nd7 42. g4 Ne5+ 43. Bxe5 Rxe5 44. Rd7 a5 45. Rd6 axb4 46. Rxb6
bxa3 47. Ra6 Rb5 48. Kc3 Rb1 49. Rxa3 Rf1 50. Kd2 Rf4 51. Rg3 Kf7 52. Ke3 Ke6
53. Rg1 Ke5 54. Rg2 Ra4 55. Rg1 Ra3+ 56. Ke2 Ke4 57. Rb1 Ra2+ 58. Ke1 Kf3 59.
Rb6 Ra1+ 60. Kd2 Kxg4 61. Rxf6 Kg3 62. Ke2 g4 63. Rg6 Rg1 64. Rb6 Kg2 65. Rg6
g3 66. Ke3 Rf1 67. Ra6 Kg1 68. Rg6 g2 69. Ke2 Rf2+ 70. Ke1 Rf5 71. Ke2 Rh5 72.
Kf3 Rh3+ 73. Ke2 Rh8 74. Kf3 Kf1 75. Rb6 Rf8+ 0-1

[Event "Superettan(Vastervik-Rodeby)"]
[Site "?"]
[Date "2009.01.17"]
[Round "4"]
[White "Sternlund, Hakan"]
[Black "Ostling, Hakan"]
[Result "1/2-1/2"]
[WhiteElo "2220"]
[BlackElo "2216"]
[PlyCount "94"]

1. c4 g6 2. Nc3 f5 3. Nf3 Nf6 4. g3 Bg7 5. Bg2 d6 6. d4 O-O 7. O-O Nc6 8. d5
Ne5 9. Nxe5 dxe5 10. e4 f4 11. gxf4 Nh5 12. fxe5 Bxe5 13. Ne2 Qd6 14. f4 Nxf4
15. Bxf4 Bxf4 16. Nxf4 Rxf4 17. Rxf4 Qxf4 18. Qd4 e5 19. Qc5 Qg5 20. Kh1 Qd8
21. Rf1 b6 22. Qf2 Qe7 23. Rc1 Qg5 24. Rf1 Qe7 25. Rc1 Qg5 26. Rc3 Bd7 27. c5
Rf8 28. Qe1 Bg4 29. h3 Qh5 30. Kg1 Bf3 31. cxb6 cxb6 32. Qd2 Bxg2 33. Kxg2 Qh4
34. Qe3 Qf6 35. Rc1 Qe7 36. Rc6 Qb4 37. b3 Qb5 38. Rc1 Qa5 39. Rc2 Qa6 40. Qe2
Qxe2+ 41. Rxe2 Rf4 42. Re3 a5 43. a3 Kf7 44. Rf3 Ke7 45. Rxf4 exf4 46. e5 g5
47. Kf3 h6 1/2-1/2

[Event "Superettan(Vastervik-Rodeby)"]
[Site "?"]
[Date "2009.01.17"]
[Round "4"]
[White "Bernhardsson, Sten"]
[Black "Harren, Mats"]
[Result "0-1"]
[WhiteElo "2096"]
[BlackElo "2083"]
[PlyCount "64"]

1. d4 Nf6 2. c4 c5 3. d5 e6 4. Nc3 exd5 5. cxd5 d6 6. Nf3 g6 7. Nd2 Nbd7 8. Nc4
Nb6 9. e4 Nxc4 10. Bxc4 Bg7 11. O-O O-O 12. Bg5 a6 13. a4 Qc7 14. Qd2 Bd7 15.
Rfe1 Ng4 16. h3 Ne5 17. Be2 b5 18. axb5 Bxb5 19. Nxb5 axb5 20. Bxb5 Qb7 21. Bf1
Rfb8 22. Rxa8 Qxa8 23. f4 Rxb2 24. Qc1 Nf3+ 25. gxf3 Bd4+ 26. Kh1 Qa2 27. Qxb2
Qxb2 28. Re2 Qc1 29. Kg2 f6 30. Bh6 Kf7 31. Ra2 c4 32. Ra4 Qc2+ 0-1

[Event "Superettan(Vastervik-Rodeby)"]
[Site "?"]
[Date "2009.01.17"]
[Round "4"]
[White "Nilsson, Victor"]
[Black "Nereltjak, Nedzad"]
[Result "1-0"]
[WhiteElo "2139"]
[BlackElo "2065"]
[PlyCount "73"]

1. d4 e6 2. Nf3 c5 3. g3 b6 4. Bg2 Bb7 5. dxc5 bxc5 6. O-O Nf6 7. c4 Be7 8. Nc3
O-O 9. Bf4 d5 10. Qb3 Qb6 11. Qxb6 axb6 12. Ne5 Ne4 13. Nxe4 dxe4 14. Rfd1 Bf6
15. h4 Bd8 16. a3 Re8 17. b4 cxb4 18. axb4 Rxa1 19. Rxa1 f6 20. Ra7 Bc8 21. Nf7
e5 22. Nd6 Re6 23. Nxc8 exf4 24. Bh3 f5 25. b5 fxg3 26. fxg3 Bf6 27. Rb7 Be5
28. Bxf5 Rf6 29. Bxe4 Bxg3 30. Kg2 Be5 31. Nxb6 Rf4 32. Bd5+ Kf8 33. c5 Ke8 34.
c6 Kd8 35. Nc4 Rg4+ 36. Kf2 Bf4 37. e3 1-0

[Event "Superettan(Vastervik-Rodeby)"]
[Site "?"]
[Date "2009.01.17"]
[Round "4"]
[White "Svensson, Orjan"]
[Black "Broddefalk, Arvid"]
[Result "0-1"]
[WhiteElo "1952"]
[BlackElo "1997"]
[PlyCount "46"]

1. c4 f5 2. Nc3 Nf6 3. e4 fxe4 4. d3 e5 5. dxe4 Nc6 6. Bg5 Be7 7. Nf3 d6 8. Be2
Be6 9. b4 O-O 10. Rb1 Qe8 11. Qc2 Qg6 12. h4 h6 13. Bd2 Nd4 14. Nxd4 exd4 15.
Nb5 Qxg2 16. Rf1 Bd7 17. Nxd4 Qxe4 18. Qxe4 Nxe4 19. h5 Rae8 20. Nb5 c6 21. Nc3
Bh4 22. Nxe4 Rxe4 23. Rb3 Rfe8 0-1

[Event "Superettan(Vastervik-Rodeby)"]
[Site "?"]
[Date "2009.01.17"]
[Round "4"]
[White "Blomqvist, Sven"]
[Black "Eriksson, Bengt"]
[Result "0-1"]
[WhiteElo "1972"]
[BlackElo "1945"]
[PlyCount "60"]

1. e4 e5 2. Nc3 Bc5 3. Bc4 d6 4. d3 c6 5. Qh5 Qf6 6. Nf3 g6 7. Qg5 h6 8. Qg3
Nd7 9. a4 Ne7 10. O-O g5 11. Rb1 a5 12. Kh1 Ng6 13. Nxg5 hxg5 14. Bxg5 Qg7 15.
f4 f6 16. Bxf6 Nxf6 17. f5 Nh5 18. Qg5 Qf6 19. Bf7+ Kd7 20. Qg4 Ngf4 21. Be6+
Nxe6 22. fxe6+ Qxe6 23. Qh4 Kc7 24. Rf5 Qg6 25. Rg5 Qf6 26. Ne2 Be3 27. Rg4
Bxg4 28. Qxg4 Rag8 29. Qf3 Qxf3 30. gxf3 Ng3+ 0-1

[Event "Superettan(Eskilstuna-Wasa)"]
[Site "?"]
[Date "2009.01.17"]
[Round "4"]
[White "Genkin, Michael"]
[Black "Logdahl, Harald"]
[Result "1-0"]
[WhiteElo "2337"]
[BlackElo "2382"]
[PlyCount "81"]

1. e4 Nf6 2. d3 e5 3. Nf3 Nc6 4. Nbd2 d5 5. Be2 a5 6. O-O Bc5 7. c3 O-O 8. a4
h6 9. Qc2 Re8 10. h3 Ba7 11. Re1 dxe4 12. dxe4 Nh5 13. Nc4 Qf6 14. Ne3 Nf4 15.
Ng4 Bxg4 16. hxg4 Ne7 17. Bxf4 Qxf4 18. Bc4 Ng6 19. Nh2 Re7 20. Rad1 Qg5 21. g3
h5 22. Qd2 Qxd2 23. Rxd2 h4 24. Kg2 hxg3 25. fxg3 Nf8 26. Nf3 g6 27. Rd5 Rae8
28. Rxa5 Bb8 29. Rf1 Kg7 30. Rxe5 Rxe5 31. Nxe5 f6 32. Nd3 Rxe4 33. Rf4 Re7 34.
Nc5 c6 35. Re4 Rxe4 36. Nxe4 Nd7 37. Be6 Ne5 38. a5 Nd3 39. b4 c5 40. b5 Nb2
41. Nxc5 1-0

[Event "Superettan(Eskilstuna-Wasa)"]
[Site "?"]
[Date "2009.01.17"]
[Round "4"]
[White "Nilsson, Matthias"]
[Black "Astrom, Goran"]
[Result "1/2-1/2"]
[WhiteElo "2310"]
[BlackElo "2286"]
[PlyCount "61"]

1. d4 Nf6 2. c4 e6 3. Nc3 Bb4 4. Qc2 O-O 5. a3 Bxc3+ 6. Qxc3 b6 7. Bg5 Bb7 8.
Nf3 h6 9. Bh4 d6 10. e3 Nbd7 11. Be2 Qe7 12. O-O g5 13. Bg3 Ne4 14. Qc2 Nxg3
15. hxg3 c5 16. Rfd1 Nf6 17. b4 Rac8 18. Qb2 Rc7 19. dxc5 dxc5 20. Ne5 Rd8 21.
Rxd8+ Qxd8 22. Rd1 Qe7 23. b5 Nd7 24. Nxd7 Rxd7 25. Rxd7 Qxd7 26. Qf6 Be4 27.
Qxh6 Qd8 28. Qh5 Bg6 29. Qf3 Qd2 30. Bf1 Kg7 31. e4 1/2-1/2

[Event "Superettan(Eskilstuna-Wasa)"]
[Site "?"]
[Date "2009.01.17"]
[Round "4"]
[White "Collett, Peter"]
[Black "Alm, Hakan"]
[Result "0-1"]
[WhiteElo "2248"]
[BlackElo "2301"]
[PlyCount "74"]

1. d4 Nf6 2. c4 g6 3. Nc3 d5 4. Bf4 Bg7 5. e3 O-O 6. Rc1 c5 7. dxc5 Qa5 8. cxd5
Rd8 9. Bc4 Qxc5 10. Qb3 a6 11. a4 Nbd7 12. e4 Ng4 13. Nh3 Qd4 14. O-O Nc5 15.
Qb6 Bd7 16. Be2 Ne6 17. Qxd4 Nxd4 18. f3 Ne5 19. Nf2 Nxe2+ 20. Nxe2 Bxa4 21.
Rc7 Bb5 22. Re1 Rac8 23. Rxb7 Rc2 24. Nc1 Nc4 25. Nfd3 Bd4+ 26. Kh1 Nxb2 27.
Nxb2 Bxb2 28. Rxe7 a5 29. Rb7 Be8 30. Ra7 a4 31. Na2 Bd4 32. Nb4 Rb2 33. Rb7
Bc3 34. Nc6 Rxb7 35. Nxd8 Ra7 36. Rc1 a3 37. Bb8 Ra8 0-1

[Event "Superettan(Eskilstuna-Wasa)"]
[Site "?"]
[Date "2009.01.17"]
[Round "4"]
[White "Edlund, Robin"]
[Black "Soderberg, Per"]
[Result "0-1"]
[WhiteElo "2240"]
[BlackElo "2230"]
[PlyCount "120"]

1. e4 c5 2. Nf3 d6 3. d4 cxd4 4. Nxd4 Nf6 5. Nc3 a6 6. Be3 e5 7. Nb3 Be6 8. f3
Be7 9. g4 d5 10. g5 d4 11. gxf6 Bxf6 12. Bf2 dxc3 13. Qxd8+ Bxd8 14. bxc3 Nd7
15. O-O-O Rc8 16. c4 Be7 17. Rg1 g6 18. Kb2 Nc5 19. Nxc5 Bxc5 20. Bxc5 Rxc5 21.
Rd6 Ke7 22. Rb6 Rb8 23. Be2 Bxc4 24. Bxc4 Rxc4 25. Rd1 Rc6 26. Rxc6 bxc6+ 27.
Kc3 f5 28. exf5 gxf5 29. Rg1 Kf6 30. Rd1 Kg5 31. Rd6 Rc8 32. Kd3 Kf4 33. Ke2
Rc7 34. Rh6 e4 35. fxe4 Kxe4 36. Rd6 Ke5 37. Rd3 Rg7 38. Kf3 Rg4 39. Ra3 Rc4
40. c3 c5 41. Ke3 Rh4 42. Rxa6 Rxh2 43. Rc6 f4+ 44. Kf3 Rh3+ 45. Ke2 Rxc3 46.
a4 Re3+ 47. Kf2 Kd5 48. Rf6 Re4 49. a5 Ra4 50. a6 Ke5 51. Rc6 Kd4 52. Ke2 Kc4
53. Kd2 Ra2+ 54. Kc1 f3 55. Rf6 f2 56. Kb1 Rxa6 57. Rxf2 Rh6 58. Kc2 Rh3 59.
Rf4+ Kb5 60. Rf7 Kb4 0-1

[Event "Superettan(Eskilstuna-Wasa)"]
[Site "?"]
[Date "2009.01.17"]
[Round "4"]
[White "Safholm, Sten"]
[Black "Eriksson, Bo"]
[Result "1/2-1/2"]
[WhiteElo "2007"]
[BlackElo "2189"]
[PlyCount "112"]

1. e4 c5 2. Nf3 d6 3. d4 cxd4 4. Qxd4 Nc6 5. Bb5 Bd7 6. Bxc6 bxc6 7. Nc3 e5 8.
Qd3 Nf6 9. O-O h6 10. Be3 Be7 11. Rad1 O-O 12. h3 Qc7 13. Nd2 d5 14. exd5 cxd5
15. Nxd5 Nxd5 16. Qxd5 Be6 17. Qf3 f5 18. Nb3 f4 19. Bc1 Qxc2 20. Qb7 Bf6 21.
Rd6 Rfb8 22. Qf3 Qf5 23. Nc5 Bc8 24. b4 Be7 25. Qb3+ Kh7 26. Rd5 f3 27. g4 Qg6
28. Qxf3 Rxb4 29. Qd3 e4 30. Qc3 Rab8 31. Bxh6 gxh6 32. Nd7 Bxd7 33. Rxd7 R4b7
34. Rfd1 Qe6 35. Rc7 Kg8 36. Rc6 Bf6 37. Qxf6 Qxf6 38. Rxf6 Rb1 39. Rxb1 Rxb1+
40. Kg2 Kg7 41. Ra6 Rb7 42. Kg3 Rf7 43. Re6 Rf3+ 44. Kg2 Ra3 45. Rxe4 Rxa2 46.
Re6 a5 47. Kg3 a4 48. f4 Ra3+ 49. Kh4 Rf3 50. f5 a3 51. Ra6 Rb3 52. Ra7+ Kf8
53. Ra6 Kg7 54. Rg6+ Kh7 55. Ra6 Kg7 56. Ra8 Kf7 1/2-1/2

[Event "Superettan(Eskilstuna-Wasa)"]
[Site "?"]
[Date "2009.01.17"]
[Round "4"]
[White "Didriksson, Mikael"]
[Black "Ranby, Hans"]
[Result "1-0"]
[WhiteElo "2091"]
[BlackElo "1994"]
[PlyCount "75"]

1. e4 g6 2. d4 Bg7 3. g3 d6 4. Bg2 Nd7 5. Nf3 c5 6. O-O cxd4 7. Nxd4 Nc5 8. Nc3
Ne6 9. Nb3 Nf6 10. Be3 O-O 11. Qe2 a6 12. Nd5 Nxd5 13. exd5 Nc7 14. c4 Ne8 15.
a4 Nf6 16. h3 b6 17. a5 Nd7 18. Nd4 Bxd4 19. Bxd4 bxa5 20. Bc3 a4 21. Rxa4 Nc5
22. Ra3 Bb7 23. Qe3 Rc8 24. Re1 Re8 25. Ba5 Qd7 26. b4 e6 27. bxc5 exd5 28. Qd2
Rxe1+ 29. Qxe1 Rxc5 30. Re3 Rxc4 31. Re7 Qc6 32. Bd2 h5 33. Re8+ Kg7 34. Qe3
Rc2 35. Qh6+ Kf6 36. Bg5+ Kf5 37. g4+ hxg4 38. hxg4+ 1-0

[Event "Superettan(Eskilstuna-Wasa)"]
[Site "?"]
[Date "2009.01.17"]
[Round "4"]
[White "Hedlund, Lars"]
[Black "Svensson, Hakan"]
[Result "1/2-1/2"]
[WhiteElo "1981"]
[BlackElo "2022"]
[PlyCount "72"]

1. Nf3 b6 2. g3 Bb7 3. Bg2 e6 4. c4 f5 5. O-O Nf6 6. b3 Be7 7. Bb2 O-O 8. Nc3
Ne4 9. Nxe4 Bxe4 10. d3 Bb7 11. Rc1 d6 12. d4 Nd7 13. Ne1 Bxg2 14. Nxg2 g5 15.
e3 Nf6 16. Qe2 Qe8 17. d5 e5 18. f4 gxf4 19. exf4 e4 20. Ne3 Qg6 21. Rf2 h5 22.
Rg2 Ng4 23. Nf1 Bf6 24. h3 Bxb2 25. Qxb2 Nh6 26. Ne3 Kf7 27. b4 Qf6 28. Qb3 a5
29. a3 axb4 30. axb4 Ra1 31. Rxa1 Qxa1+ 32. Kh2 Ra8 33. Qb2 Qxb2 34. Rxb2 Ra3
35. Re2 Rb3 36. b5 Kg6 1/2-1/2

[Event "Superettan(Eskilstuna-Wasa)"]
[Site "?"]
[Date "2009.01.17"]
[Round "4"]
[White "Logdahl, Ulf"]
[Black "Wahlund, Bengt"]
[Result "1/2-1/2"]
[WhiteElo "1990"]
[BlackElo "1980"]
[PlyCount "120"]

1. f4 d5 2. Nf3 g6 3. e3 Bg7 4. Be2 Nf6 5. O-O O-O 6. d3 c5 7. Qe1 Nc6 8. Qh4
Qd6 9. Nc3 e5 10. e4 d4 11. Nb5 Qd8 12. fxe5 Ng4 13. Bg5 Qb6 14. Nd6 Ncxe5 15.
Be7 Nxf3+ 16. Bxf3 Ne3 17. Bxf8 Bxf8 18. Nc4 Nxc4 19. dxc4 Be6 20. b3 Bg7 21.
Rad1 Be5 22. Rd3 Qc7 23. Kh1 Qd7 24. h3 Kg7 25. Bg4 Bxg4 26. hxg4 h6 27. Rh3
Rh8 28. g5 h5 29. Rhf3 Rf8 30. Qf2 Qe6 31. a4 a5 32. Qh4 Qd7 33. g3 Qe6 34. Kg2
Qd7 35. Kf2 Re8 36. Ke2 Re7 37. Kd3 Qg4 38. Qxg4 hxg4 39. Rf4 Bxf4 40. gxf4 f5
41. gxf6+ Kxf6 42. Rh1 g3 43. Rg1 g2 44. Rxg2 Rh7 45. Rg3 Rh4 46. Rf3 Rh1 47.
c3 dxc3 48. Kxc3 Re1 49. Kd3 b6 50. Re3 Rf1 51. e5+ Kf5 52. e6 Rd1+ 53. Ke2 Rd8
54. Kf3 Rh8 55. Re5+ Kf6 56. Ke4 Ke7 57. f5 gxf5+ 58. Kxf5 Rh3 59. Ke4 Rxb3 60.
Kd5 Rd3+ 1/2-1/2